Selected Prose of Oscar Wilde (Record no. 230686)
[ view plain ]
| 000 -LEADER | |
|---|---|
| fixed length control field | 02267cam a22002653a 4500 |
| 001 - CONTROL NUMBER | |
| control field | 1338 |
| 003 - CONTROL NUMBER IDENTIFIER | |
| control field | PGUSA |
| 005 - DATE AND TIME OF LATEST TRANSACTION | |
| control field | 20140828083000.0 |
| 008 - FIXED-LENGTH DATA ELEMENTS--GENERAL INFORMATION | |
| fixed length control field | 980601s1998||||xxu|||||s|||||000 p eng d |
| 040 ## - CATALOGING SOURCE | |
| Original cataloging agency | PGUSA |
| Language of cataloging | eng |
| 042 ## - AUTHENTICATION CODE | |
| Authentication code | dc |
| 050 #4 - LIBRARY OF CONGRESS CALL NUMBER | |
| Classification number | PR |
| 100 1# - MAIN ENTRY--PERSONAL NAME | |
| Personal name | Wilde, Oscar, |
| Dates associated with a name | 1854-1900 |
| 245 10 - TITLE STATEMENT | |
| Title | Selected Prose of Oscar Wilde |
| Medium | [electronic resource] / |
| Statement of responsibility, etc | Oscar Wilde |
| 260 ## - PUBLICATION, DISTRIBUTION, ETC. (IMPRINT) | |
| Name of publisher, distributor, etc | Project Gutenberg, |
| Date of publication, distribution, etc | 1998 |
| 505 0# - FORMATTED CONTENTS NOTE | |
| Formatted contents note | Preface by Robert Ross -- How they struck a contemporary -- The quality of George Meredith -- Life in the fallacious model -- Life the disciple -- Life the plagiarist -- The indispensable east -- The influence of the impressionists on climate -- An exposure to naturalism -- Thomas Griffiths Wainewright -- Wainewright at Hobart Town -- Cardinal Newman and the autobiographers -- Robert Browning -- The two supreme and highest arts -- The secrets of immortality -- The critic and his material -- Dante the living guide -- The limitations of genius -- Wanted a new background -- Without frontiers -- The poetry of archæology -- The art of archæology -- Herod suppliant -- The tetrarch's remorse -- The tetrarch's treasure -- Salomé anticipates Dr. Strauss -- The young king -- A coronation -- The king of Spain -- A bull fight -- The throne room -- A protected country -- The blackmailing of the emperor -- Covent garden -- A letter from Miss Jane Percy to her aunt -- The triumph of American 'humor' -- The garden of death -- An Eton kit-cat -- Mrs. Erlynne exercises the prerogative of a grandmother -- Motherhood more than marriage -- The damnable ideal -- From a rejected prize-essay -- The possibilities of the useful -- The artist -- The doer of good -- The disciple -- The master -- The house of judgment -- The teacher of wisdom -- Wilde gives directions about 'De profundis' -- Carey street -- Sorrow wears no mask -- Vita nuova -- The grand romantic -- Clapham Junction -- The broken resolution -- Domesticity at Berneval -- A visit to the Pope. |
| 506 ## - RESTRICTIONS ON ACCESS NOTE | |
| Terms governing access | Public domain in the USA. |
| 516 ## - TYPE OF COMPUTER FILE OR DATA NOTE | |
| Type of computer file or data note | Electronic text |
| 653 ## - INDEX TERM--UNCONTROLLED | |
| Uncontrolled term | Essays |
| 653 ## - INDEX TERM--UNCONTROLLED | |
| Uncontrolled term | Short stories |
| 700 1# - ADDED ENTRY--PERSONAL NAME | |
| Personal name | Ross, Robert Baldwin, |
| Dates associated with a name | 1869-1918 |
| 830 #0 - SERIES ADDED ENTRY--UNIFORM TITLE | |
| Uniform title | Project Gutenberg |
| Volume number/sequential designation | 1338 |
| 856 40 - ELECTRONIC LOCATION AND ACCESS | |
| Uniform Resource Identifier | <a href="http://www.gutenberg.org/ebooks/1338">http://www.gutenberg.org/ebooks/1338</a> |
| 942 ## - ADDED ENTRY ELEMENTS (KOHA) | |
| Koha item type | eBooks |
| Withdrawn status | Lost status | Damaged status | Home library | Current library | Date acquired | Total Checkouts | Date last seen | Price effective from | Koha item type |
|---|---|---|---|---|---|---|---|---|---|
| Project Gutenberg | Project Gutenberg | 08/28/2014 | 08/28/2014 | 08/28/2014 | eBooks |